00991nam a2200313Ia 450000500170000000800410001702000180005810000260007624500190010225000180012130000250013949000270016450000320019165000350022365000370025865000300029565000370032565000380036265000470040070000380044794200150048526400280050033600270052833700330055533800280058804000350061608400110065199900150066220220317001335.0161108s9999 sp g 000 0 spa  a97884891636071 aHomerodSiglo IX a.c.10aOdiseacHomero a9a. edición a380 páginasc19 cm aClásicos universales aIncluye índice de nombres142LEMBaPoesía épica griega 142LEMBaLiteratura épica griega 142LEMBaPoesía narrativa 142LEMB aHéroes en la literatura142LEMB aAventuras en la literatura142LEMB aMitología griega en la literatura1 aSegalá y Estalella, Luis970930 2loccBKLIT aMadridbJorge A. Mestas atextobtxt2rdacontent asin mediaciónbn2rdamedia avolumenbnc2rdacarrier aCO-BoRNBPbspaerdacCO-BoRNBP aP HOM1 c6666d6666